| 000 | 00407nam a2200169Ia 4500 | ||
|---|---|---|---|
| 008 | 230711s9999||||xx |||||||||||||| ||und|| | ||
| 041 | _aENG | ||
| 082 |
_a677 _bCO-T |
||
| 100 | _aCowan,Mary L. | ||
| 245 | 0 | _aIntroduction to Textile | |
| 250 | _a2nd Ed. | ||
| 260 |
_c1994 _aBombay _bB.D Tarapore & Sons |
||
| 300 | _a325 | ||
| 650 | _aTextile Engineering | ||
| 700 | _aJungerman,Martha E. | ||
| 942 | _cBK | ||
| 999 |
_c3630 _d3630 |
||